|
|
|
|
| LEADER |
00621cam a2200169 7i4500 |
| 001 |
0000028099 |
| 005 |
20150121090000.0 |
| 020 |
|
|
|a 9839422286 (hbk.)
|
| 020 |
|
|
|a 9789839422283 (hbk.)
|
| 090 |
0 |
0 |
|a BP75.29
|b .B88 2001
|
| 100 |
1 |
|
|a Muhammad Sa`id Ramadan al-Buthy
|
| 245 |
1 |
0 |
|a Sirah nabawiyah :
|b Kajian mendalam manhaj gerakan Islam pada masa Rasulullah (s.a.w.)
|c Muhammad Sa'id Ramadhan al-Buthy.
|
| 260 |
|
|
|a Shah Alam, Selangor:
|b Pustaka Dini,
|c 2001.
|
| 300 |
|
|
|a 513 p.:
|b 25 cm.
|
| 600 |
0 |
0 |
|a Muhammad, Prophet, d. 632
|
| 650 |
0 |
0 |
|a Caliphate --
|x History
|
| 999 |
|
|
|a 0000037198
|b BOK
|c OPEN SHELF
|e 1st Floor, Bestari Jaya
|